00434nam a2200169 a 4500001000400000003000900004008004100013040002800054082001900082100003300101245003500134250000800169260002700177300001000204490002500214650002500239503CO-ViMGA141112s2004 ck r 000 u spa d aCO-ViMGAbspacCO-ViMGA04aBr 863.44 D4171 aDías de Morales, Antonieta10aTonico y el secreto del estado a14a aMadrid : bS.M, c1995 a188 p aEl barco de vapor, 514aCUENTOS BRASILEÑOS